000
00344nam a2200145Ia 4500
008
240624s9999 xx 000 0 und d
041
_a
eng
082
_a
658.3 MUR
100
_a
MURTON ADRIAN
245
_a
HUMAN RESOURCE MANAGEMENT
250
_a
11
260
_c
2011
_a
New Delhi
_b
Viva
300
_a
426 : p. : cm. ; 24
365
_c
RS
_b
33.5
999
_c
17914
_d
17914